Cómo elaborar mapas conceptuales en la escuela: aprendizaje significativo y globalizado, Educación inicial, E.G.B., polimodal
Kaydedildi:
| Yazar: | |
|---|---|
| Materyal Türü: | Kitap |
| Dil: | İspanyolca |
| Baskı/Yayın Bilgisi: |
Rosario
Homo Sapiens
1997
|
| Edisyon: | 3a. ed |
| Seri Bilgileri: | Serie Educación
|
| Konular: | |
| Etiketler: |
Etiketle
Etiket eklenmemiş, İlk siz ekleyin!
|
MARC
| LEADER | 00000nam a2200000 a 4500 | ||
|---|---|---|---|
| 001 | UCN0700 | ||
| 003 | CL-VaPUC | ||
| 008 | 010330e19970000AG |||||||||||||||||spa|d | ||
| 082 | 0 | 4 | |a 370.156 |b BOG |2 21 |
| 100 | 0 | |a Boggino, Norberto |e author |9 455884 | |
| 245 | 1 | 0 | |a Cómo elaborar mapas conceptuales en la escuela: aprendizaje significativo y globalizado, Educación inicial, E.G.B., polimodal |
| 250 | |a 3a. ed | ||
| 300 | |a 97 p | ||
| 942 | |c BK | ||
| 945 | |d 20010330 00:00:00 |a cmena | ||
| 260 | |a Rosario |b Homo Sapiens |c 1997 | ||
| 650 | 0 | |a Psicología educacional |9 307830 | |
| 650 | 0 | |a Mapas conceptuales |9 381462 | |
| 650 | 0 | |a Aprendizaje |9 254827 | |
| 650 | 0 | |a Métodos de enseñanza |9 270413 | |
| 650 | 0 | |a Desarrollo individual |9 307875 | |
| 650 | 0 | |a Cognición |9 270347 | |
| 583 | |a last modification |c 20010330 00:00:00 |k Rodrigo Vera | ||
| 490 | 0 | |a Serie Educación | |
| 999 | |c 294337 |d 294335 | ||
| 952 | |0 0 |1 0 |4 0 |6 370_156000000000000_BOG_1997 |7 0 |8 A |9 346618 |a BIBTEO |b BIBTEO |d 2019-11-20 |i 3635317 |o 370.156 BOG 1997 |p 3635317 |r 2025-01-17 |w 2019-11-20 |y BK |k ICR | ||